01311nam a2200217 a 4500008004100000020001800041041000800059092001700067100002700084245004300111250004500154260003700199300002200236500008100258505046700339590006100806655002100867942001300888999001500901952017700916180208e2007 ag ||||gr|||| 00| 0 spa d a9789507531194 aspa c808l95sWIL1 aWildner, Martina94134 aLluvia de estrellas /cMartina Wildner a1a ed.bTraducción Alejandra Obermeier aBuenos Aires:bCántaro;c2007. a192 p.c19x13 cm. aWildner, M. (2007). Lluvia de estrellas. (1a ed.). Buenos Aires : Cántaro. aHay dos cosas que Víctor sabe que tiene que hacer con trece años: tirarse del trampolín de diez metros y besar a una chica. Pero una cosa es proponérselo y otra muy distinta lograrlo. Sin embargo, las estrellas parecen estar de su lado: en la pileta encuentra a una hermosa chica pelirroja que sabe tirarse como nadie y que le ofrece ayudarlo. A partir de ese momento las vacaciones de Víctor se poblarán de desafíos, enigmas y extraños sucesos.  aProyecto 4to Libro. Donación Pardo, Paula. marzo 2020. aLiteratura92917 2ddccLIT c3084d3084 00102ddc4070aBFMbBFMcCRd2020-03-11eDonación Pardo, Paula. Marzo 2020l0o808 95 WILp4646r2020-03-11tEj. 1w2020-03-11yLITzDonación Pardo, Paula. marzo 2020